000 00540nam a2200217Ia 4500
005 20260429112222.0
008 260429s9999||||xx |||||||||||||| ||und||
020 _a9789349281998
041 _aEnglish
082 _a121.0954
_bKUM
100 _aKumar, Satendra
245 0 _aIndian knowledge systems /
_cSatendra Kumar
250 _a1st ed.
260 _aJaipur :
_bYking Book,
_c2025.
300 _avi, 275 p.; hb
650 _a Epistemology
650 _a India
650 _a Knowledge
650 _aPhilosophy
942 _cTB
999 _c52952
_d52952